| 000 | 00000nam##2200000za#4500 |
| 001 | 9.589692 |
| 003 | CaOODSP |
| 005 | 20210624195753 |
| 007 | cr ||||||||||| |
| 008 | 150406|2011||||xxc|||||o f|0| 0 fre|d |
| 022 | |a1919-5044 |
| 040 | |aCaOODSP|bfre |
| 041 | |aeng |
| 041 | |afre |
| 043 | |an-cn--- |
| 086 | 1 |aFs70-5/2011-043-PDF |
| 110 | 1 |aCanada. |bMinistère des pêches et des océans. |
| 245 | 10|aMise à jour de l'estimation de biomasse et d'abondance de la crevette nordique (Pandalus borealis) à partir du relevé de chalutage dans l'estuaire et le nord du golfe du Saint-Laurent en 2010 / |h[ressource électronique]|c[par] Louise Savard et Hugo Bourdages. |
| 260 | |aMont-Joli - Québec : |bPêches et Océans Canada |cc2011. |
| 300 | |a34p.|bfigures, graphiques, références, tableaux |
| 490 | 1 |aSecrétariat canadien de consultation scientifique, document de recherche|x1919-5044|v2011/043, Région du Québec |
| 590 | |a13-25-Supp|b2013-10-28 |
| 791 | |tUpdate of the estimation of northern shrimp (Pandalus borealis) biomass and abundance from the trawl survey in the Estuary and the northern Gulf of St. Lawrence in 2010 / |eeng|w(CaOODSP)9.589691 |
| 830 | #0|aDocument de recherche (Secrétariat canadien de consultation scientifique)|x1919-5044|v2011/043, Région du Québec|w(CaOODSP)9.500506 |
| 856 | 40|ahttp://publications.gc.ca|qPDF|s981 Ko|uhttps://publications.gc.ca/collections/collection_2013/mpo-dfo/Fs70-5-2011-043.pdf|y2011/043, Région du Québec |